000
00445nam a2200145Ia 4500
008
100122s9999 xx 000 0 und d
082
_b
23831
_a
913.54
100
_a
मिराशी वा वि
245
_a
संशोधन मुक्तावली 7
260
_c
1971
300
_a
50
630
_a
संशोधन मुक्तावली 7
730
_a
संशोधन मुक्तावली 7
942
_c
BOOK
999
_c
411363
_d
411360